<?xml version="1.0" encoding="UTF-8"?>
<record
    xmlns:xsi="http://www.w3.org/2001/XMLSchema-instance"
    xsi:schemaLocation="http://www.loc.gov/MARC21/slim http://www.loc.gov/standards/marcxml/schema/MARC21slim.xsd"
    xmlns="http://www.loc.gov/MARC21/slim">

  <leader>02104nam a22002777a 4500</leader>
  <controlfield tag="003">DO-SdBNP</controlfield>
  <controlfield tag="005">20260305073959.0</controlfield>
  <controlfield tag="007">ta</controlfield>
  <controlfield tag="008">210913e  2009    dr f 001 e spa d</controlfield>
  <datafield tag="020" ind1=" " ind2=" ">
    <subfield code="a">9789945002331</subfield>
  </datafield>
  <datafield tag="040" ind1=" " ind2=" ">
    <subfield code="a">DO-SdBNP</subfield>
    <subfield code="b">spa</subfield>
    <subfield code="c">BNPHU</subfield>
  </datafield>
  <datafield tag="082" ind1=" " ind2="4">
    <subfield code="b">R282e</subfield>
    <subfield code="a">BNPHU</subfield>
  </datafield>
  <datafield tag="100" ind1="1" ind2=" ">
    <subfield code="a">Read Vittini, Mario,</subfield>
    <subfield code="d">1926-2010</subfield>
    <subfield code="9">1841</subfield>
  </datafield>
  <datafield tag="245" ind1="1" ind2="0">
    <subfield code="a">Ensayos breves sobre pol&#xED;tica y democracia /</subfield>
    <subfield code="c">Mario Read Vittini ; edici&#xF3;n C&#xE1;ndido Ger&#xF3;n</subfield>
  </datafield>
  <datafield tag="260" ind1=" " ind2=" ">
    <subfield code="a">Santo Domingo :</subfield>
    <subfield code="b">Centenario,</subfield>
    <subfield code="c">2009</subfield>
  </datafield>
  <datafield tag="300" ind1=" " ind2=" ">
    <subfield code="a">v. ;</subfield>
    <subfield code="c">23 cm</subfield>
  </datafield>
  <datafield tag="500" ind1=" " ind2=" ">
    <subfield code="a">Incluye datos biogr&#xE1;ficos  del autor en las solapas</subfield>
  </datafield>
  <datafield tag="500" ind1=" " ind2=" ">
    <subfield code="a">La Bibliioteca posee el v.1</subfield>
  </datafield>
  <datafield tag="500" ind1=" " ind2=" ">
    <subfield code="a">Incluye &#xED;ndices.</subfield>
  </datafield>
  <datafield tag="505" ind1=" " ind2=" ">
    <subfield code="t">Presentaci&#xF3;n.--</subfield>
    <subfield code="t">Introducci&#xF3;n.--</subfield>
    <subfield code="t">Nociones preliminares.--</subfield>
    <subfield code="t">La persona humana.--</subfield>
    <subfield code="t">La gente y el pueblo.--</subfield>
    <subfield code="t">El albedr&#xED;o.--</subfield>
    <subfield code="t">La igualdad.--</subfield>
    <subfield code="t">El civismo.--</subfield>
    <subfield code="t">El estado.--</subfield>
    <subfield code="t">La sociedad civil.--</subfield>
    <subfield code="t">La pol&#xED;tica.--</subfield>
    <subfield code="t">El objeto de la pol&#xED;tica.--</subfield>
    <subfield code="t">El bien com&#xFA;n.--</subfield>
    <subfield code="t">Pol&#xED;tica total.--</subfield>
    <subfield code="t">El pluralismo pol&#xED;tico.--</subfield>
    <subfield code="t">La perspectiva pol&#xED;tica.--</subfield>
    <subfield code="t">Los mecanismos de la mayor&#xED;a.--</subfield>
    <subfield code="t">La libertad.--</subfield>
    <subfield code="t">Soberan&#xED;a e independencia.--</subfield>
    <subfield code="t">El pol&#xED;tico.--</subfield>
    <subfield code="t">La ley.--</subfield>
    <subfield code="t">el orden.--</subfield>
    <subfield code="t">La satisfacci&#xF3;n.--</subfield>
    <subfield code="t">Lo m&#xE1;s importante del mundo.--</subfield>
    <subfield code="t">Libertad de expresi&#xF3;n, de tr&#xE1;nsito y de reuni&#xF3;n.--</subfield>
    <subfield code="t">La voluntad pol&#xED;tica.</subfield>
  </datafield>
  <datafield tag="505" ind1=" " ind2=" ">
    <subfield code="t">Inconformidad y voluntad de cambio.--</subfield>
    <subfield code="t">La discrepancia.--</subfield>
    <subfield code="t">Los intelectuales y la pol&#xED;tica.--</subfield>
    <subfield code="t">Religi&#xF3;n y pol&#xED;tica.--</subfield>
    <subfield code="t">Doctrina, programas, planes y proyectos.--</subfield>
    <subfield code="t">La ideolog&#xED;a.--</subfield>
    <subfield code="t">La acci&#xF3;n pol&#xED;tica.--</subfield>
    <subfield code="t">Estrategia y t&#xE1;ctica.--</subfield>
    <subfield code="t">Log&#xED;stica y econom&#xED;a.--</subfield>
    <subfield code="t">El proceso pol&#xED;tico.--</subfield>
    <subfield code="t">Informaci&#xF3;n y comunicaci&#xF3;n (desinformaci&#xF3;n-contrainformaci&#xF3;n)</subfield>
    <subfield code="t">Mensajes, metamensajes, slogans y consignas (afiches y graffitis).--</subfield>
    <subfield code="t">Propaganda y agitaci&#xF3;n (La contra-propaganda)</subfield>
    <subfield code="t">La cortesan&#xED;a.--</subfield>
    <subfield code="t">Servilismo, sumisi&#xF3;n y oportunismo.--</subfield>
    <subfield code="t">Las matem&#xE1;ticas pol&#xED;ticas.--</subfield>
    <subfield code="t">El tiempo.--</subfield>
    <subfield code="t">Apoliticidad y neutralidad (El pecado de la abstenci&#xF3;n).--</subfield>
    <subfield code="t">&#xCD;ndice de obras completa.--</subfield>
    <subfield code="t">&#xCD;ndice onom&#xE1;stico.</subfield>
  </datafield>
  <datafield tag="590" ind1=" " ind2=" ">
    <subfield code="a">Inventariado 2021 / BT</subfield>
  </datafield>
  <datafield tag="700" ind1="1" ind2="2">
    <subfield code="a">Ger&#xF3;n, Candido,</subfield>
    <subfield code="d">1948-</subfield>
    <subfield code="e">ed.</subfield>
    <subfield code="9">3577</subfield>
  </datafield>
  <datafield tag="910" ind1=" " ind2=" ">
    <subfield code="a">Btav&#xE1;rez</subfield>
  </datafield>
  <datafield tag="942" ind1=" " ind2=" ">
    <subfield code="2">ddc</subfield>
    <subfield code="c">LBS1</subfield>
  </datafield>
  <datafield tag="952" ind1=" " ind2=" ">
    <subfield code="0">0</subfield>
    <subfield code="1">0</subfield>
    <subfield code="2">ddc</subfield>
    <subfield code="7">1</subfield>
    <subfield code="8">MO</subfield>
    <subfield code="a">BNPHU</subfield>
    <subfield code="b">PD</subfield>
    <subfield code="c">HD</subfield>
    <subfield code="d">2019-08-19</subfield>
    <subfield code="e">Donado por Librer&#xED;a Mateca</subfield>
    <subfield code="l">0</subfield>
    <subfield code="o">BNPHU PD R282e</subfield>
    <subfield code="p">2021-26412</subfield>
    <subfield code="r">2021-09-13</subfield>
    <subfield code="t">v.1</subfield>
    <subfield code="w">2021-09-13</subfield>
    <subfield code="y">LBS1</subfield>
  </datafield>
  <datafield tag="952" ind1=" " ind2=" ">
    <subfield code="0">0</subfield>
    <subfield code="1">0</subfield>
    <subfield code="2">ddc</subfield>
    <subfield code="7">1</subfield>
    <subfield code="8">MO</subfield>
    <subfield code="a">BNPHU</subfield>
    <subfield code="b">PD</subfield>
    <subfield code="c">HD</subfield>
    <subfield code="d">2019-08-19</subfield>
    <subfield code="e">Donado por Librer&#xED;a Mateca</subfield>
    <subfield code="l">0</subfield>
    <subfield code="o">BNPHU PD R282e</subfield>
    <subfield code="p">2021-26413</subfield>
    <subfield code="r">2021-09-13</subfield>
    <subfield code="t">v.1, e.2</subfield>
    <subfield code="w">2021-09-13</subfield>
    <subfield code="y">LBS1</subfield>
  </datafield>
  <datafield tag="952" ind1=" " ind2=" ">
    <subfield code="0">0</subfield>
    <subfield code="1">0</subfield>
    <subfield code="2">ddc</subfield>
    <subfield code="7">5</subfield>
    <subfield code="8">MO</subfield>
    <subfield code="a">BNPHU</subfield>
    <subfield code="b">DO</subfield>
    <subfield code="c">CT</subfield>
    <subfield code="d">2021-09-17</subfield>
    <subfield code="e">Compra</subfield>
    <subfield code="l">0</subfield>
    <subfield code="o">BNPHU DS R282e </subfield>
    <subfield code="p">2021-26704</subfield>
    <subfield code="r">2021-09-17</subfield>
    <subfield code="t">v.1, e.3</subfield>
    <subfield code="w">2021-09-17</subfield>
    <subfield code="y">LBS1</subfield>
  </datafield>
  <datafield tag="952" ind1=" " ind2=" ">
    <subfield code="0">0</subfield>
    <subfield code="1">0</subfield>
    <subfield code="2">ddc</subfield>
    <subfield code="7">5</subfield>
    <subfield code="8">MO</subfield>
    <subfield code="a">BNPHU</subfield>
    <subfield code="b">DO</subfield>
    <subfield code="c">CT</subfield>
    <subfield code="d">2021-09-17</subfield>
    <subfield code="e">Compra</subfield>
    <subfield code="l">0</subfield>
    <subfield code="o">BNPHU DS R282e </subfield>
    <subfield code="p">2021-26705</subfield>
    <subfield code="r">2021-09-17</subfield>
    <subfield code="t">v.1, e.4</subfield>
    <subfield code="w">2021-09-17</subfield>
    <subfield code="y">LBS1</subfield>
  </datafield>
  <datafield tag="952" ind1=" " ind2=" ">
    <subfield code="0">0</subfield>
    <subfield code="1">0</subfield>
    <subfield code="2">ddc</subfield>
    <subfield code="7">5</subfield>
    <subfield code="8">MO</subfield>
    <subfield code="a">BNPHU</subfield>
    <subfield code="b">DO</subfield>
    <subfield code="c">CT</subfield>
    <subfield code="d">2021-09-17</subfield>
    <subfield code="e">Compra</subfield>
    <subfield code="l">0</subfield>
    <subfield code="o">BNPHU DS R282e </subfield>
    <subfield code="p">2021-26706</subfield>
    <subfield code="r">2021-09-17</subfield>
    <subfield code="t">v.1, e.5</subfield>
    <subfield code="w">2021-09-17</subfield>
    <subfield code="y">LBS1</subfield>
  </datafield>
  <datafield tag="999" ind1=" " ind2=" ">
    <subfield code="c">50479</subfield>
    <subfield code="d">50479</subfield>
  </datafield>
</record>
